A concise textbook of radiotherapy (Record no. 168)

MARC details
000 -LEADER
fixed length control field 00684nam a2200193 a 4500
008 - FIXED-LENGTH DATA ELEMENTS--GENERAL INFORMATION
fixed length control field 130108s1972 ||||||||||||||||| || u
010 ## - LIBRARY OF CONGRESS CONTROL NUMBER
LC control number 72001062
020 ## - INTERNATIONAL STANDARD BOOK NUMBER
International Standard Book Number 0571083560
050 ## - LIBRARY OF CONGRESS CALL NUMBER
Classification number RM 847 BAR
100 ## - MAIN ENTRY--PERSONAL NAME
Personal name Barnes, Priscilla
245 12 - TITLE STATEMENT
Title A concise textbook of radiotherapy
Statement of responsibility, etc. by Priscilla Barnes and David Rees. With line drawings by Audrey Besterman.
260 ## - PUBLICATION, DISTRIBUTION, ETC.
Place of publication, distribution, etc. London
Name of publisher, distributor, etc. Faber and Faber
Date of publication, distribution, etc. 1972
300 ## - PHYSICAL DESCRIPTION
Extent 384 p. illus.
350 ## -
-- 22.00
650 #3 - SUBJECT ADDED ENTRY--TOPICAL TERM
Topical term or geographic name entry element RADIOTHERAPY
700 ## - ADDED ENTRY--PERSONAL NAME
Personal name Rees, D. J
995 ## -
-- SPECIAL COLLECTIONS
-- 500377
-- CBU-DAG HAMMARSKJOLD INSTITUTE LIBRARY
-- 22.00
-- DAG RM 847 BAR
-- 1
-- AVAILABLE
-- Jan 8, 2013
-- 500377
-- DHIPS Book Collection
999 ## -
-- 168
-- 168
Holdings
Withdrawn status Lost status Source of classification or shelving scheme Damaged status Not for loan Permanent Location Current Location Shelving location Date acquired Total Checkouts Full call number Barcode Date last seen Price effective from Koha item type
          CBU-DAG HAMMARSKJOLD INSTITUTE CBU-DAG HAMMARSKJOLD INSTITUTE   11/28/2022   RM 847 BAR 500377 11/28/2022 11/28/2022 MONOGRAPH